Пропуск в контексте

Анализ финансового состояния промышленных предприятий в условиях рыночной экономики Диссертации и авторефераты

שמור ב:
מידע ביבליוגרפי
מחבר ראשי: Негашев Е.В
פורמט: Диссертации и авторефераты
מהדורה:1
גישה מקוונת:https://znanium.com/catalog/document?id=258776
https://znanium.com/cover/0390/390685.jpg
תגים: הוספת תג
אין תגיות, היה/י הראשונ/ה לתייג את הרשומה!
LEADER 01610nam0a2200277 i 4500
001 RU\infra-m\znanium\bibl\390685
003 https://znanium.com/catalog/document?id=258776
005 20191223000000.0
100 |a 20191223d2012 m y0rusy0150 ca 
101 0 |a rus 
102 |a RU 
200 1 |a Анализ финансового состояния промышленных предприятий в условиях рыночной экономики  |e Диссертации и авторефераты  |f Финансовый университет при Правительстве Российской Федерации 
205 |a 1 
215 |a 200 с. 
333 |a ВО - Магистратура 
606 |a Экономика. Бухгалтерский учет. Финансы  |x Оценочная деятельность  |2 local 
608 |a Диссертации и авторефераты  |2 local 
675 |a 658  |z rus 
686 |a 6505  |2 rubbk 
686 |a 38.04.01  |2 okso 
686 |a 38.04.02  |2 okso 
686 |a 38.04.08  |2 okso 
700 1 |a Негашев  |b Е.В.  |g Евгений Владимирович  |p Финансовый университет при Правительстве Российской Федерации 
801 0 |a RU  |b Общество с ограниченной ответственностью «ЗНАНИУМ»  |c 20120926  |2 rusmarc 
856 4 |a znanium.com  |m ebs_support@infra-m.ru  |n НИЦ ИНФРА-М  |u https://znanium.com/catalog/document?id=258776 
856 4 1 |a znanium.com  |d /cover/0390  |f 390685.jpg  |q image/jpeg  |u https://znanium.com/cover/0390/390685.jpg